Score 0/21 Timer 15:00
0 Plays Today
Author Book % Correct
Lewis CarrollAlice's Adventures in Wonderland
100%
R.L. Stine (series) Goosebumps
75%
C. S. LewisThe Lion, the Witch, and the Wardrobe
75%
Antoine de Saint-ExupéryThe Little Prince
75%
C. S. LewisThe Magician's Nephew
50%
Zilpha Keatley SnyderThe Headless Cupid
25%
Norton JusterThe Phantom Tollbooth
25%
Barbara Brooks Wallace, Peter FergusonPeppermints in the Parlor
25%
Scott O'DellIsland of the Blue Dolphins
25%
Elizabeth George SpeareThe Sign of the Beaver
25%
James Howe, Deborah HoweBunnicula
25%
Author Book % Correct
Gary PaulsenHatchet
25%
Robert Kimmel SmithChocolate Fever
25%
Robert C. O'BrienMrs. Frisby and the Rats of NIMH
25%
Mary Francis ShuraThe Mystery at Peacock Place
25%
Gertrude Chandler Warner (series) The Boxcar Children
25%
Jean Craighead GeorgeJulie of the Wolves
25%
Jane YolenWizard's Hall
25%
Sharon CreechWalk Two Moons
25%
George SeldenA Cricket in Times Square
25%
Alvin SchwartzScary Stories to Tell in the Dark
25%
Remove Ads.
Support Sporcle.
Get the best of Sporcle when you Go Orange. This ad-free experience offers more features, more stats, and more fun while also helping to support Sporcle. Thank you for becoming a member.

You're not logged in!

Compare scores with friends on all Sporcle quizzes.
OR
Log In

Sporcle TV

Today on Sporcle TV


Watch our educational content, quiz creation guides, and fun videos on Sporcle TV.

Show Comments

Extras

Top Quizzes Today


Score Distribution

Paid Content

Your Account Isn't Verified!

In order to create a playlist on Sporcle, you need to verify the email address you used during registration. Go to your Sporcle Settings to finish the process.

Report this User

Report this user for behavior that violates our Community Guidelines.

Details: